| 000 | 03721nam a2200325 a 4500 | ||
|---|---|---|---|
| 003 | OSt | ||
| 005 | 20250827144204.0 | ||
| 007 | cr ||||||a|a|a | ||
| 008 | 250819s2025 mx a|||fom||| 001 0 spa d | ||
| 040 | _erda | ||
| 100 | 1 |
_aHernández Sánchez, Carlos Eduardo _9190932 |
|
| 245 | 1 | 0 |
_aEfecto de insecticidas sobre estados de desarrollo de Chrysoperla carnea (Stephens) (Neuroptera: CHRYSOPIDAE) / _cpor Carlos Eduardo Hernández Sánchez y Heber Juan Sebastián Reveles Castañeda; director de tesis Manuel Alejandro Tejeda Reyes; secretario Jaime Alfredo Urzúa Gutiérrez; vocal Alondra Astudillo Gregorio; suplente José Manuel Pineda Rios; suplente Calixto Leopoldo Carrillo Fonseca. |
| 264 | 1 |
_aChapingo, México : _bEl autor, _c2025. |
|
| 300 |
_a1 recurso en línea (60 páginas): _bcuadros, figuras. |
||
| 336 |
_2rdacontent _atexto _btxt |
||
| 337 |
_2rdamedia _acomputadora _bc |
||
| 338 |
_2rdacarrier _arecurso en línea _bcr |
||
| 502 |
_bIAEPA _cParasitología _d2025. _gLIC |
||
| 504 | _aIncluye referencias bibliográficas: páginas 50-60. | ||
| 520 | _aChrysoperla carnea (Stephens) es un depredador polífago, usado para el control de una amplia gama de especies de insectos plaga de importancia económica en México, y de un uso común en sistemas de producción agrícola en el mundo. Debido a la creciente demanda de productos inocuos y con mayores restricciones en el uso de plaguicidas, este insecto puede tener una mayor tolerancia en comparación con otros enemigos naturales que son introducidos, en particular, sobre la tolerancia a una amplia gama de insecticidas que son utilizados en los cultivos en donde se realizan liberaciones de enemigos naturales, sin embargo, existe poca información referente al impacto de insecticidas de reciente introducción en el mercado sobre los diversos estados de desarrollo de C. carnea. Por lo que, el objetivo de este trabajo de investigación fue evaluar el impacto de diversos insecticidas sobre huevo, larva y pupa de C. carnea bajo condiciones de laboratorio. Donde grupos de huevos, larvas y adultos fueron expuestos a través de distintos métodos de exposición a las concentraciones máximas utilizadas en campo de los insecticidas evaluados. Posteriormente se evaluó a diferentes períodos de exposición la mortalidad producida, para que mediante un análisis de varianza y una prueba de comparación de medias se establecieran diferencias entre los tratamientos evaluados. Los resultados indican una variabilidad en el efecto de los insecticidas evaluados sobre los estados de desarrollo de C. carnea. La mayoría de los insecticidas evaluados mostró una alta mortalidad sobre adultos a excepción de insecticidas conocidos como reguladores de crecimiento, mostrando un bajo efecto, sin embargo, estos insecticidas mostraron una alta mortalidad en estados inmaduros. En este trabajo de investigación se discute la importancia de conocer el efecto de estos insecticidas sobre organismos benéficos que se utilizan frecuentemente en el manejo integrado de plagas. | ||
| 650 | 4 |
_aInsecticidas _xEfecto en Chrysoperla carnea _9191139 |
|
| 700 | 1 |
_aReveles Castañeda, Heber Juan Sebastian _9190933 |
|
| 700 | 1 |
_aTejeda Reyes, Manuel Alejandro _9112025 _edirector. |
|
| 700 | 1 |
_aUrzúa Gutiérrez, Jaime Alfredo _9117018 _esecretario. |
|
| 700 | 1 |
_aAstudillo Gregorio, Alondra _9188300 _evocal. |
|
| 700 | 1 |
_aPineda Rios, José Manuel _988174 _esuplente. |
|
| 700 | 1 |
_aCarrillo Fonseca, Calixto Leopoldo _919482 _esuplente. |
|
| 856 |
_zDESCARGAR PDF _uhttp://10.13.5.2/tesis/tl/1911093-2_Y_1912054-7_HERNANDEZ_SANCHEZ_CARLOSEDUARDO_Y_REVELES_CASTANEDA_HEBERJUANSEBASTIAN.pdf |
||
| 942 |
_2Clasificación Universidad Autónoma Chapingo _cTD |
||
| 999 |
_c220834 _d220834 |
||